000 00961nam a22002535a 4500
005 20080910054018.0
008 080806s2008 ii a b 000 0 eng
010 _aENG-98458
020 _a9380528124
_c50.00
020 _a9789380528120
_c50.00
035 _aEN-81991
037 _bDBAD / PUB
040 _adpl
_bEnglish
082 _a621.381
100 _aNandhagopal, N.
_97173
245 _aBasic electronics /
_cby N. Nandhagopol
260 _aSalem
_bMSK Publications
_c2009
270 _a2/189-E, Athanoor Amman kovil Street, Masinagan Patti-Post, Ayyothiya Pattinam,
_bSaiem
_e636103
300 _a96p.
_c23cm (pbk)
520 _aOn the activities of M.V. Foundation in fostering education for the children.
650 _aElectronics
_97176
942 _2ddc
_cEN
_mNAN
_h621.381
999 _c39571
_d39571